| 000 | 01576cad a22002655a 4500 | ||
|---|---|---|---|
| 001 | L138557 | ||
| 008 | 070621s20070608xxk f g f000 0 eng d | ||
| 020 | _a9780110773247 | ||
| 035 | _a(Sirsi) u138557 | ||
| 041 | 0 | _aeng | |
| 050 | 0 | 4 | _a333.333 $2 18 |
| 110 | 1 |
_aUnited Kingdom _kLaws, etc _95044 |
|
| 245 | 0 | 4 |
_aThe home information pack (no. 2) regulations 2007 _h[electronic resource] |
| 490 | 0 |
_aStatutory Instrument _v2007: 1667 |
|
| 520 | _aComes into force 2 July 2007. Prescribes the information and documents required and authorised to be included in HIPs. Specifies points in the selling process at which particular documents must be included in the pack. Contains regulations regarding the currency of documents, and occasions when they are required or authorised to be updated. Makes provision for the keeping of a register of HIPs. Provides exceptions and enforcements of the regulations. The duties to have a home information pack which complies with these regulations are found in sections 155 to 159 of the Housing Act 2004 ("the home information pack duties"). | ||
| 590 | _aKA | ||
| 650 | 2 | 4 | _aHOME INFORMATION PACKS |
| 650 | 2 | 4 | _aHOUSING ACT 2004 PART V |
| 650 | 2 | 4 | _aRESIDENTIAL ENERGY PERFORMANCE CERTIFICATES |
| 650 | 2 | 4 | _aHOME INFORMATION PACK (NO.2) REGULATIONS 2007 |
| 651 | 4 |
_aUnited Kingdom _y |
|
| 690 | _aPROPERTY-RESIDENTIAL PROPERTY-ACQUISITION AND DISPOSAL OF RESIDENTIAL PROPERTY-HOME BUYING REFORM | ||
| 856 | 4 | 0 |
_uhttps://www.opsi.gov.uk/si/si2007/20071667.htm _zView the item free of charge at www.opsi.gov.uk... |
| 942 | _n0 | ||
| 999 |
_c107200 _d107200 |
||